00423cam a2200145ua 450000100060000000800390000604000090004508200110005410000320006524500750009726000320017230000100020465300420021465300210025611333190914n ii |||gr||||Z||||||hin cMAIN a491.43 a Dimbeswar Bora.,eEditor., aHindi asomiya engrajee tribhashik shavdakoshcEdited by Dimbeswar Bora aGuwahati:bBanalata,c2015. a575p. aEast Indo-European & Celtic languages aHindi dictionary